000 00966nam a22003258i 4500
999 _c2665
_d2665
001 018664995
003 Uk
005 20230809114320.0
008 171127s2018 enk j 000|0|eng|d
015 _aGBB800226
_2bnb
016 7 _a018664995
_2Uk
020 _a9780008260156 (pbk.)
040 _aStDuBDS
_beng
_cStDuBDS
_erda
_dKH8
082 0 4 _a910 BEL
100 1 _aBelfield, John,
_eauthor.
245 1 0 _aCambridge IGCSE geography.
_pStudent's book /
_cJohn Belfield, Jack Gillett, Meg Gillett, John Rutter.
246 3 0 _aIGCSE geography
250 _aThird edition.
263 _a201803
264 1 _aLondon :
_bCollins,
_c2018.
300 _avi, 394 pages,
_c7.5 x 0.7 x 10.5 inches.
336 _atext
_2rdacontent
337 _aunmediated
_2rdamedia
338 _avolume
_2rdacarrier
650 0 _aGeography.
700 1 0 _aGillett, Jack,
_eauthor.
700 1 0 _aGillett, Meg,
_eauthor.
700 1 _aRutter, John,
_d1969-
_eauthor.
942 _2ddc
_cTR